{"text_format":"3","workbook":"xls","n_sheets":3,"sheets":["Sheet1","Sheet2","Sheet3"],"read":"whole","date_system":"1900","formulas":"cached_only"}

{"sheet":"Sheet1","index":0,"n_rows":126,"n_cols":8,"rows_kept":126,"merged":[[0,0,0,7],[1,0,1,7],[30,0,30,7],[73,0,73,7],[97,0,97,7]],"flags":["formulas_cached_only"]}
["新媒体电商直播实训基地建设清单"]
["实训直播间"]
["序号","设备名称","参数","品牌","单位","数量","单价","总价"]
[1,"直播实训终端","CPU型号i5 12400CPU频率 2.9GHz　内存容量32GB内存类型 DDR4 2933MHz 　1T机械硬盘　固态硬盘容量256GB 无内置光驱入门级独立显卡显存容量 4GB  1000Mbps以太网卡 2×USB2.0，2×USB3.0，耳机输出接口，麦克风输入接口 1×VGA，1×HDMI 1×RJ45（网络接口） 1×电源接口，预装操作系统与办公软件　21寸显示器  7.4L机箱 键鼠 x1 鼠标垫 x1 电源线 x1 整机3年","清华同方","套",5,6200,31000]
[2,"直播摄像头","3840*2880 4Ｋ分辨率1200万像素120度广角　USB接口　遥控9倍变焦　内置麦克风　内置3档美颜补光　多功能安装底座，可直接夹显示器安装，直接立放桌面，三角架安装","杰锐","套",5,1800,9000]
[3,"声卡 + 麦克风套装","声卡类型 外置型 声卡2.1声道 信噪比 -90dB,A-加权 频率响应:22Hz-22kHz(±0.2dB) 动态范围:90dB,A-加权 总谐波失真加噪声:＜0.0061%(-86dB) 交调失真:-85dB@1kHz 输入阻抗:Mic in:1.8KΩ 可调增益:38dB  麦克风有线 电容式 单指向 频响范围20Hz-20kHz 灵敏度-34dB±2dB 信噪比78dB 立体声 产品声压132dB","艾肯+E300","套",5,3000,15000]
[4,"直播手机","4800万像素以上 运行内存8GB机身内存128GB，4000mA以上电池","华为","部",5,3300,16500]
[5,"音箱","电脑音箱，2.1声道，有源：220V/50Hz，","山水","对",5,600,3000]
[6,"监听耳麦","有线头戴式，兼容手机PC,20Hz-20KHz, 标称阻抗24Ω，灵敏度101DB，3.5mm插头，线长1.5米。","雷柏","副",5,300,1500]
[7,"手持云台","可折叠、磁吸快拆、内置了一枚 18650 锂电池，容量为 2450mAh，时间可以达到 15 小时，机身上有一枚 USB-C 接口和一枚 USB-A 接口，前者用来云台充电，后者则是外界供电，适配手机重量为 230±60g，厚度为 6.9-10mm,一枚摇杆按钮、一枚拍摄键、一枚开机键（M），摇杆键上方是设备电量状态指示灯。","大疆DJI OM 6","台",5,1300,6500]
[8,"线材配件","USB,网线，音频线，电源线插板","群卓","套",5,300,1500]
[9,"LED 补光灯套餐","18寸可调光变光，带遥控，220V电 双灯","杰锐","套",10,600,6000]
[10,"LED 柔光灯箱套餐","嵌入式柔光灯电压： Ac220V 50/60Hz  功率：220W 色温：3200K 单灯+灯架+柔光箱","杰锐","套",5,1600,8000]
[11,"直播桌椅","1.6米直播桌，椅子面料材质：网布 人体工学椅","群卓","套",5,2000,10000]
[12,"直播提词器设备","兼容手机、12寸平板，提词器支持广角大屏。","杰锐","套",5,1900,9500]
[13,"产品展示柜","根据房间定做，定制直播商品","群卓","套",5,5800,29000]
[14,"背景扣图绿幕","手动轴背景布","杰锐","项",5,1800,9000]
[15,"直播单反套装","3250万有效像素 双核CMOS 双核CMOS 45点十字对焦 WIFI，ISO感光度\n静止图像拍摄：自动ISO（在ISO 100～25600之间自动设置）\n白平衡模式自动（氛围优先）、自动（白色优先）、自动（氛围优先)、自动（白色优先)、预设（日光、阴影、阴天、钨丝灯、白色荧光灯、闪光灯）、用户自定义、色温（约2500-10000K），具备白平衡校正和白平衡包围曝光功能 ※支持闪光色温信息传输\n场景模式：肖像；风景；微距；运动；日落；夜景肖像；夜景；手持夜景；抗运动模糊\n自拍；延时拍摄；遥控拍摄\n高速连拍：使用取景器拍摄时最高约10张/秒，使用实时显示拍摄时最高约11张/秒。\nEF-S 18-135mm f/3.5-5.6 IS USM 单反镜头","佳能EOS 90D","套",5,18000,90000]
[16,"摄像包","黑金定制微单包","佳能","套",5,400,2000]
[17,"直播采集卡","1080P高清USB,HDMI2路采集","杰锐","台",5,4000,20000]
[18,"单反电池","电池容量2280mAh，外形尺寸38.7*22.7*51.7mm，产品重量83G","国产","套",5,1200,6000]
[19,"存储卡","128G 120M/S SD卡","闪迪","张",5,120,600]
[20,"三脚架","产品参数\n承重范围 1-5KG 1-5KG \n水平档位 固定 固定 \n俯仰档位 固定 固定 \n动态平衡档位 固定 固定 \n工作温度 -40℃~+60°℃ -40℃~+60℃ \n俯仰角度 +87°/-66° +87°/-66° \n水平仪 玻璃 玻璃 \n最大高度 1680mm 1680mm \n最小高度 630mm 630mm \n云台重量 1.5KG 1.5KG \n套装重量 4.5KG 4KG \n碗口直径 70mm 70mm \n管径 16mm 16mm \n脚架级数 双极三节 双极三节 \n脚架材质 铝合金1670L 碳纤维1670T","思锐R1204+G10KX","套",5,1500,7500]
[21,"直播一体机","1、尺寸：≥43寸；\n2、运存：≥4GB+64GB ROM；\n3、操作系统：≥ Android 9.0；\n4、处理器：≥八核64位处理器，内置GPU；\n5、功能：直播贴片、多路导播、画中画、logo、水印、绿幕抠像、音频调节、机位切换、画质调节、提词器；\n6、含一体机支架。","商显","台",5,5600,28000]
[22,"直播间装修与布线","12平方左右房间隔断，门窗，吊顶，刷墙，灯光，通风处理，强电，弱电，吸音等，宣传海报\n亚克力LOGO牌\"1、材质：亚克力；2、尺寸≥65*90cm\"\n墙面装饰线条\"1、尺寸：2根，≥100cm2、材质：中间长条PVC；\"\n实训室文化墙\"1、材质：木质造型；2、尺寸：≥200*300cm3、外层：红色哑光漆；\"\n墙面腻子\n墙面固化胶\n乳胶漆-底漆\n乳胶漆-哑光漆（面漆）\n射灯\"1、定制：15cm*15cm(按实际情况定制)2、功率：12W；\"\nLED平板灯 定制尺寸：800mm*90mm按实际情况定制\n公共区域电路改造工程+网络布线所需的电线、网线、水晶头、开关、插排等硬件（含人工安装）\n软灯条 \"1、直径：10mm---16mm；2、长度：25m；\"\n顶棚改造及墙面吸音处理",null,"套",5,56000,280000]
[23,"电商直播实训软件","直播实训平台软件：学生与老师可以进行直播、拍摄上传短视频、开通直播小店等实训，软件后台由老师管理员进行管理，学生开通直播小店交保证金、消费等不用充值，后台可以直接控制用户在本平台的余额，可以通过实训平台直播复盘找出学生直播时的各种不良用语，方便改进，避免在真实直播过程中被封号、处罚等。\n1.系统采用B/S架构设计，不需要安装客户端，通过浏览器访问，可支持基于校园网的应用。\n2.系统支持学生、教师使用不同的身份登录软件，不同的身份具有不同的操作权限。\n3.系统具有良好的数据分析功能，能通过监测学生的实训数据的形式直观的反应出学生的成绩。\n4.前台功能：抖音全数据，学习模块，开通店铺，需支持PC端直播和手机APP直播（Android版和iOS版2种版本），短视频功能，直播加入商城商品，淘宝商品，京东商城商品功能。\n5.直播功能：上传直播封面。添加直播标题。开启购物车,开通店铺；主播还可添加展示关联的平台自营的商品，用户在此入口购买后，主播可获得相应佣金。分享直播。摄像头切换。开闪光灯。美颜功能。管理主播用户，将用户禁言（分为本场禁言、永久禁言），踢出房间（永久踢出），设置管理员等。\n6.直播观看：可以查看主播的信息，包括主播的头像、地址以及昵称。查看该直播房间目前的观看者信息。可以查看主播和观众的个人主页包含昵称、关注数、粉丝、私信、主播等级、用户等级、主播印象以及直播记录等内容；可以分享用户主页，可以举报用户。弹幕用户可以发送弹慕。发送礼物会消耗相应的钻石。充值可对虚拟币进行充值钻石（虚拟币），直播系统的通用货币，可以用来购买礼物、座驾、靓号、vip、守护、发送弹幕、发送红包等。分享到社交网络。关注主播主播开播时可以收到推送。用户和主播可以在直播房间进行互动聊天。观众可以举报主播或其他用户。直播购物。可展示主播选择展示的商品。\n7.短视频功能：录制视频支持翻转镜头、开启关闭闪光灯、拍摄速度、美颜、添加背景音乐、选择本地视频。背景音乐，支持音乐分类、收藏、在线试听以及歌曲搜索功能。热门歌曲列表展示当前使用最多的前十首歌曲。编辑视频\"支持音量调节、添加背景音乐、滤镜、视频裁剪、特效(抖动、幻觉、魔法、动感分屏)\"。发布视频可进行分享、选填标题，系统会自动进行定位；短视频添加分类功能，分类后台设置，可选择是否关联商品。水印功能。查看同款商品，购买商品。关联付费内容详情页面进行查看及购买。观看视频支持评论、点赞、评论、分享、复制链接、举报、下载到本地以及对用户进行关注；视频的评论支持长按复制、删除；视频发布者、或者评论发布者可删除自己发布的评论；评论者头像支持点击，点击可进入该用户主页；\n8.买家功能：观看直播购买商品，收藏商品，查看已买到的商品，商品浏览记录、地址管理、账户余额管理、退款记录、提现记录、全部订单查询、待付款订单查询、待发货订单查询、待收货订单查询、待评价订单查询、退款查询。添加好友，给好友发送短消息； \n9.卖家功能：申请直播开店：小店信息 账户信息　综合评分 账户金额　累计收入　商品总数　商品总销量　订单管理 待发货 等待退款 待支付 全部退款 已发货 已签收 已完成 已关闭 全部订单 添加商品 商品管理 地址管理 消息 经营类目。\n10.订单管理：查看我的评价、查看店铺信用评分\n11.直播小店管理：在手机端APP个人中心进入直播小店管理，买家与卖家管理页面可一键切换 \n12.商品管理：可添加平台商品，站内商品、站外商品（淘宝、京东）、上下架商品。\n13.分类管理：新增分类，批量导入、导出分类，批量编辑、删除分类\n14.后台功能: 关键词屏蔽功能包括 一 短视频标题、评论、用户昵称、直播间标题和个性签名，在发布时系统会先进行判断，如果含有关键词，则提示输入非法，请重新输入. 二 如果直播间公屏聊天、弹幕私信中含有关键词，则以“**”代替显示.用户注册认证、用户注册认证评分；统计新用户注册量、APP启动次数、活跃用户数、平均使用时长和总注册数，并可根据时间段进行筛选。设备终端统计安卓、IOS和PC端 三端的注册比例。排行榜展示网红榜和富豪榜的前三名。财务展示充值总金额、支付宝、微信、苹果支付的充值金额。提现根据时间段筛选，申请提现金额、已通过金额、主播提现数量和总提现金额。主播数据根据时间段统计出主播总数、在线主播、直播次数、直播时长以及总直播时长。用户分组管理、商城管理、直播管理、短视频管理、审核管理、交易管理、评价管理、投票管理、等级管理、推广广告、实训评分管理等。","群卓ESOVO V2.3","套",1,158000,158000]
[24,"机柜","22U专用服务器机柜；采用优质冷扎钢板制作，整体框架结构设计；机柜深度1000 mm，立柱厚度不低于2.0 mm，其余部分钢板厚度不低于1.2 mm；静载500KG以上。",null,"台",1,3000,3000]
[25,"实训教学管理主机","处理器：4110R*2颗（8核心  2.1GHZ处理器）+单电及以上 内存：32GB以上 硬盘： 2*1TB  7. 2K  RPM  SATA扩展性：不少于4块 3.5英寸热插拔SAS, SATA, SSD硬盘；RAID卡：可配置RAID 0、1、5、6、10、50、60，支持热备盘技术，支持不低于1GB高速缓存；集成双端口Broadcom千兆网卡，带故障切换和负载均衡功能，支持TOE，iSCSI启动；PCIe插槽：2个PCIe 3.0；5 个USB（2个USB 3.0，3个USB 2.0）；1个DVD-RW驱动器","华为","台",1,28000,28000]
[26,"交换机","标准1U机架设备，可堆叠，8个10/100/1000Mbps Mbps端口，包转发：18Mpps，背板带宽：126Gbps，","华为","套",1,400,400]
[27,"小计",{"$nulls":5},779000]
["商品拍摄与短视频拍摄实训室"]
["序号","设备名称","参数","品牌型号","数量","单位","单价","合计金额"]
[1,"短视频拍摄手机","4800万像素以上 运行内存8GB机身内存128GB，4000mA以上电池","华为","部",3,3300,9900]
[2,"手持云台","具有三轴稳定，配备 ActiveTrack 5.0 方案。内置了延长杆和三角腿架，内置 1000 mAh 电池，续航可达 6.5 小时，充满电需 1.5 小时。云台重量为 309 克，磁力夹为 31 克，可承受的手机重量最高 290 克。在云台外壳左侧集成了一个额外的旋钮，预计能精确调整缩放和焦点。","大疆DJI OM 6","台",3,1000,3000]
[3,"一托二无线话筒","传输距离50米","群卓","套",3,2400,7200]
[4,"产品展示柜","根据房间定做，定制商品","群卓","套",3,5800,17400]
[5,"背景扣图绿幕","手动轴背景布","群卓","项",3,1800,5400]
[6,"短视频航拍无人机","悬停精度 垂直：±0.1m（视觉定位正常工作时），±0.5m（GPS 正常工作时）\n水平：±0.1m（视觉定位正常工作时），±1.5m（GPS 正常工作时）m\n旋转角速度 250°/s（运动挡），90°/s（普通挡）\n升降速度 6m/s（运动挡，普通挡）\n飞行速度 19m/s（运动挡），15 m/s（普通挡），5 m/s（平稳挡）\n飞行高度 5000m\n飞行时间 31分钟\n轴距 302mm云台控制转速 100°/s\n抗风等级 5级风 8.5-10.5m/s\n录像分辨率 5.4K： 5472×3078 24/25/30fps\n4K Ultra HD：3840×2160 24/25/30/48/50/60fps\n2.7K：2688×1512 24/25/30/48/50/60fps\nFHD：1920×1080 24/25/30/48/50/60/12fps\nMP4/MOV（H.264/MPEG-4 AVC，H.265/HEVC）\n自动包围曝光（AEB）：2000万像素，3/5张@0.7EV\n定时拍：2000万像素，2/3/5/7/10/15/20/30/60秒\n智能拍照（包含HDR，夜景）：2000万像素\nHDR全景：竖拍（3×1）：3328×8000广角（3×3）：8000×61文件格式 JPEG/DNG（RAW）存储卡类型 SD卡\n续航时间 未给移动设备充电情况下：6小时，给移动设备充电情况下：4小时\n包装清单 飞行器 x1智能飞行电池 x3电池充电器 x1AC电源线 x1降噪螺旋桨（对） x6云台保护罩 x1数据线-USB 3.0 Type-C x1ND镜套装（ND4/8/16/32） x1电池管家 x1电池-充电宝转换器 x1单肩包 x1DJI带屏遥控器 x124W USB充电器 x1备用遥杆（对） x1","大疆 DJI Air 2S 畅飞套装 DJI带屏遥控器 ","套",3,12000,36000]
[7,"短视频三维智能采编系统","1.可以设置拍摄3维视频帧数及相关参数；\n2.Flash动画具有自动旋转(可调整旋转速度)，手动旋转，放大镜和全屏高清等功能。\n3.自动录制(不需要手动改变物体角度，也不需要手动拍照)，录制设备既支持佳能EOS相机，也支持网络摄像头\n4.可手动指定图片张数(张数越多，动画越连贯，但生成的文件越大)\n5.支持自动合成3维视频影像（支持全局、局部细节放大显示）；\n6.支持商标图片，并可设置图片透明度(水印)和显示位置\n7.支持商标文字，并可设置文字字体大小、颜色、透明度(水印)和显示位置\n8.可批量调整图像的亮度、对比度、色相和饱和度\n9.支持手动檫除背景(抠图)\n10.导入导出(导出后可在Photoshop中编辑图片，再重新导入制作动画)\n11.分支动画功能。还可以添加产品部件的3维交互动画！\n12.产品快照功能。可以添加一些附件，如相机的电池，产品说明书等静态图片作为3D动画的一个补充。\n13.支持5种格式输出Flash ，AVI，MP4，GIF以及JPG原图片","群卓3DS","套",3,24000,72000]
[8,"拍摄短视频相机套装","3250万有效像素 双核CMOS 双核CMOS 45点十字对焦 WIFI，ISO感光度\n静止图像拍摄：自动ISO（在ISO 100～25600之间自动设置）\n白平衡模式自动（氛围优先）、自动（白色优先）、自动（氛围优先)、自动（白色优先)、预设（日光、阴影、阴天、钨丝灯、白色荧光灯、闪光灯）、用户自定义、色温（约2500-10000K），具备白平衡校正和白平衡包围曝光功能 ※支持闪光色温信息传输\n场景模式：肖像；风景；微距；运动；日落；夜景肖像；夜景；手持夜景；抗运动模糊\n自拍；延时拍摄；遥控拍摄\n高速连拍：使用取景器拍摄时高约10张/秒，使用实时显示拍摄时高约11张/秒。\nEF-S 18-135mm f/3.5-5.6 IS USM 单反镜头\n包，三角架","佳能EOS 90D","套",3,13000,39000]
[9,"内存SD卡","128G 单反相机内存SD卡 4K高速存储 SDXC UHS-II 300M/s   读300M/秒 写260M/秒 UHS-II 支持4K超高清","闪迪","张",3,1500,4500]
[10,"微单稳定器","三轴云台 最大负重4千克\n云台重量：895克；快装板重量：120克；电池重量：95克；三脚架重量：180克\n电源输出电压(Micro USB接口)：5V\n电源输出电流(Micro USB接口)：1000mA\n俯仰轴机械动作范围：-132°-182°\n横滚轴机械动作范围：-67°-247°\n航向轴机械动作范围：360°\n电池容量：单节2600mAh\n工作时间：12-14h\n充电时间：2.5h\n蓝牙：Bluetooth 5.0","智云WBS","套",3,1800,5400]
[11,"支架滑轨","支架滑轨（单反相机）\n1、材质：碳纤约150CM+液压云台\n2、滑轨长度约150cm\n3、产品承重：约10KG\n4、管径尺寸：约20毫米","优篮子","套",3,900,2700]
[12,"俯拍三脚架（带滑轮）","1、俯拍支架（约1.8米）/2、150W高显色补光灯/3、横竖手机夹/4、俯拍杆长60CM/5、拍照遥控器/产品材质：ABS/铝合金/产品灯瓦：约16CM 灯不低于8W、约26CM 灯不低于16w/灯光光源：白光/柔光/暖光/最大高度：不低于180cm/最低高最：不低于49cm/俯拍杆长：约60cm/灯光供电：USB供电/产品支架：直播俯拍三脚架/适用设备：屏宽约10.5CM内的手机","优篮子","套",3,1200,3600]
[13,"256颗LED三基色柔光灯","额定电压: AC100V-240V 50/60Hz;\n额定功率：128W\n光源规格：256颗0.5W 5730LED贴片灯珠（即5.7mm*3.0mm）暖白/正白/双色温可选，\n显色指数（CRI）＞90 ＜95\n色    温（CCT）:3200k/5600K/3200-5600K(色温可调）可选\n光束角度：120°\n调    光：0~100%线性电子调光，易于色温调节.\n控制面板: LED数码显示屏\n散热设计:采用型材类散热器，具有散热性能好，无噪音，节能效果好等特点\n控制模式: DMX512、自走、主从机。\n控制通道: 1种通道模式，3CH(单色)/4CH(双色)\n防护等级: IP20\n产品净重: 5.5Kg\n灯具尺寸:500*305*100mm\n包装附件:说明书1份，电源线1条，信号线1条","YG-D007","台",8,1900,15200]
[14,"LED  100W电子调焦柔光( 聚光）","额定电压: AC100-240V, 50/60Hz\n额定功率:120W\n光源: 集成100W灯珠白光/暖白可选，高显指LED。\n色温(cct):3200k/5600k可选\n显色指数（CRI）:＞90CRI\n使用寿命: 50000小时\n外壳: ：耐高温型材+塑料阻燃+金属\n调光: 0-100% 频闪: 0-20Hz \n电动调焦：20-60°\n通道: 4通道 \n控制模式: DMX, 自走, 主从.声控\n液晶显示屏，产品带温度温控控制和智能风机控制，\n产品尺寸： 40x 30x 36 CM \n产品净重： 8.5kg\n防护等级：IP20\n可适应酒店宴会厅，体育馆，电视台.多功能会议室，酒吧等对灯光摄像要求严格的场合。\n本产品选用节能环保光源，具有功率小、发光量大、色温准、无频闪、显色指数高等优点。\n灯具特点：灯具发热量小，功率小，光通量高\n灯具功率200W但是亮度相当于2000W钨丝灯的亮度 发热量却是钨丝灯的3分之1，使用寿命长，随时打开随时使用，不用考虑更换灯泡问题","YG-P023","台",3,3000,9000]
[15,"DMX 8路信号放大器"," DMX512/1990 信号输出  8 路 DMX 信号分配器，一进八出  采用抗高压保护措施，极不容易损坏  输入与输出信号(包括信号地线)完全隔离  宽电压输入,适应不同国家的电压输入  可匹配 3 针的卡侬插座（可选 5 芯）  各路均有独立的放大器及信号指示灯  电源输入: AC 88～256V 50/60Hz  外形尺寸: 19\" 1U,482mm×168mm×44mm  重量 : 1.68kg 符合 CE 标准,UL 标准和 GB7000.15-2000 标准","YG-C013","台",1,1970,1970]
[16,"调光台","外置电源变压器 .标准DMX512信号MIDI IN/OUT, 内置MIC 声控输入. 8路/192个DMX通道输出,可控12支电脑灯(每路16个通道). 6个可编程预程序.BLACKOUT功能可用手动或MIDI作遥控控制. CHASES编程和CHASES运行功能,可用手动或用MIDI遥控控制。 输出延时功能, 用FADETIME电位器调节延时时间。 DMX输出极性选择.    4位数码管显示. 供电电压:DC9V-12V 供电电流:不小于300mA ","YG-C001","台",1,1700,1700]
[17,"恒力铰链","1M优质铝型材（一台灯一个）","定制","台",11,500,5500]
[18,"灯钩","承重：20kg；\n卡管：40-60mm；     颜色：银白色.\n宽度：20MM               ","定制","个",11,20,220]
[19,"保险绳","分类: 3MM粗*700MM长 4MM粗*800MM长                                              尺寸: 3*700 / 4*800 （mm）                                                                           颜色: 包胶透明色材质: 优质钢","定制","条",11,10,110]
[20,"短视频展示终端","42寸可触摸显示屏","群卓","台",2,4200,8400]
[21,"桌椅","2米桌，2把椅子面料材质：网布 人体工学椅","群卓","套",1,6000,6000]
[22,"商品拍摄教学桌椅","1、板材：采用E1级环保纤维板≥16mm；\n2、脚架：钢架；\n3、尺寸：≥1600mm*800mm*740mm。\n1、椅板：采用≥1.5mm夹板，≥9层垫压成型，成型板材≥12mm，板材承受力≥300kg，经防腐防虫化学处理；\n2、椅背和扶手：采用PP工程塑料一次性成型；\n3、海绵：内为PU成型发泡棉；\n4、饰面：阻燃网布饰面；\n5、椅脚：采用尼龙五星脚，配活动万向轮，结构牢固，气压升降机关，升降无噪声；\n6.尺寸：≥560*500*(940-1030)mm(允许有±10mm偏差)。 \n配４把椅子","定做","套",2,2800,5600]
[23,"智能商品摄影棚","120cm大型组装摄影棚8灯加亮版","杰锐","套",2,2100,4200]
[24,"单反相机","主要性能\n产品类型 微单更多微单相机>\n操作方式 全手动操作>\n传感器类型 R CMOS>\n传感器尺寸 全画幅更多全画幅相机>\n有效像素 3300万高清级像素更多同价位高清级像素相机>\n影像处理器 BIONZ XR\n高清摄像 4K 60p 10-bit 4:2:2格式视频4K超高清\n镜头特点\n对焦方式 自动对焦，眼部对焦\n显示功能\n显示屏类型 触摸屏，旋转屏\n显示屏尺寸 3英寸\n显示屏像素 103万像素液晶屏\n取景器类型 电子\n曝光控制\n感光度 ISO 50-204800\n拍摄性能\n防抖性能 五轴防抖\n自拍功能 2秒，10秒\n连拍功能 支持（最高约10张/秒）\n面部识别 支持\n存储参数\n存储卡类型  Type A\n电池性能\n续航能力 LCD约580张/取景器520张(CIPA 标准)\n其它参数\n无线功能 WiFi，蓝牙\n外观设计\n机身颜色 黑色\n外形尺寸 129×97×81mm\n产品重量 699g\n相机附件\n包装清单 相机 x1\n保修信息\n保修政策 全国联保，享受三包服务\n质保时间 1年","索尼A7 IV","台",2,18890,37780]
[25,"相机镜头","镜头定位：135mm全画幅镜头\n镜头用途：广角镜头\n镜头结构：10组12片\n镜头卡口：索尼FE卡口\n最近对焦距离：0.28m\n对焦方式：暂无数据\n最大光圈：F4.0\n最小光圈：F22\n焦段：16-135","索尼SEL1635Z","个",2,11300,22600]
[26,"相机镜头","基本参数\n镜头画幅 135mm全画幅镜头\n镜头用途 标准镜头\n镜头类型 定焦\n镜头结构 5组7片\n镜头卡口 E mount卡口\n对焦方式 M（手动对焦）\n滤镜尺寸 49mm\n遮光罩 ALC-SH131\n光学参数\n最大光圈 F1.8\n最小光圈 F22\n光圈叶片数 9片\n最近对焦距离 0.5m\n最大放大倍率 0.14倍\n其它参数\n焦段：55MM\n其它性能 颜色：黑色\n镜头直径 64mm\n镜头长度 71mm\n镜头重量 281g\n保修信息\n保修政策 全国联保，享受三包服务\n质保时间 1年","索尼SEL55F18Z","个",1,6160,6160]
[27,"相机镜头","基本参数\n镜头画幅 135mm全画幅镜头\n镜头分类 微单镜头\n镜头用途 标准镜头\n镜头类型 变焦\n镜头结构 具有四枚非球面镜片\n光学参数\n最大光圈 F4.0\n焦距范围 24-105mm\n最近对焦距离 0.38m\n其它参数\n焦段：24-105\n镜头重量 663g\n保修信息\n保修政策 全国联保，享受三包服务\n质保时间 1年纠错","索尼SEL24105G","个",1,9200,9200]
[28,"摄像包","黑金定制微单包","索尼A7","套",2,400,800]
[29,"存储卡","128G 120M/S SD卡","闪迪","张",2,120,240]
[30,"闪光灯","基本信息 \n 尺寸(长x高x宽) 约781mm*139.5mmx104.6mm \n 重量(仅主机) 约449g \n 类型 自动电子闪光灯(别夹式)带预闪光测光\n 热靴类型 多接口热靴\n 闪光灯头(发光单元)\n 最高闪光指数 60(闪光灯覆盖范围设置200mm/STD闪光分配，ISO100m)\n 闪光灯覆盖范围 自动/手动(20mm-200mm)\n使用宽板还可覆盖焦距约14mm下的视角\n 闪光模式 TTL/MANUAL/MULTI \n 闪光持续时间 约2.8ms内(1/1手动) \n 色温 约5500K\n 回电时间 0.1-2.5秒(碱性电池)/0.1-1.7秒(镍氢电池)10 \n 闪光次数 约150次以上(碱性电池)/约220次以上(镍氢电池)*10\n 连续闪光性能 以每秒闪光10次的速度闪光40次1 \n 反射闪光 有","索尼（SONY） HVL-F60RM","套",2,6800,13600]
[31,"三脚架","产品参数\n承重范围 1-5KG 1-5KG \n水平档位 固定 固定 \n俯仰档位 固定 固定 \n动态平衡档位 固定 固定 \n工作温度 -40℃~+60°℃ -40℃~+60℃ \n俯仰角度 +87°/-66° +87°/-66° \n水平仪 玻璃 玻璃 \n最大高度 1680mm 1680mm \n最小高度 630mm 630mm \n云台重量 1.5KG 1.5KG \n套装重量 4.5KG 4KG \n碗口直径 70mm 70mm \n管径 16mm 16mm \n脚架级数 双极三节 双极三节 \n脚架材质 铝合金1670L 碳纤维1670T","思锐R1204+G10KX","套",2,1500,3000]
[32,"单反相机电池","电池容量2280mAh，外形尺寸38.7*22.7*51.7mm，产品重量83G","索尼NP-FZ100","套",2,1200,2400]
[33,"UV镜","卡色大师金边","Kase","套",2,180,360]
[34,"静物拍摄影台","1x2m大静物台","锐鹰ST-1020T","套",2,980,1960]
[35,"八角柔光灯箱套装","1、灯光功率:≥200W；\n2、寿命:≥5万小时；\n3、显色指数(Ra):≥95；\n4、色温:5600K；\n5、光通量:≥5400LM；\n6、调光范围:0%-100%；\n7、配套2.8米伸缩支架，八角柔光灯箱。","贝阳LED","台",4,3300,13200]
[36,"影视环形灯","1、≥19寸环形灯；\n2、蓝牙遥控器；\n3、三色可调；\n4、带手机支架；\n5、功率：≥15W；\n6、配套落地支架。","图立方19寸","台",6,560,3360]
[37,"桌面影视灯光","1、最大功耗:≥28W；\n2、亮度调节:0~100%无级调光；\n3、显指(Ra):≥95；\n4、TLCI(Qa):≥93；\n5、色温:≥5600K；\n6、控制方式:手动亮度调节；\n7、带桌面支架。","图立方T176","套",2,360,720]
[38,"背景架背景布","1、类型：电动一轴；\n2、轴长：3.05米不锈钢管；\n3、控制方式：有线/遥控，静音电动；\n4、功率：≥25w。\n5、尺寸（宽*长）：≥2.9*6米；\n6、材质：涤棉混纺。","锦洪","套",2,1850,3700]
[39,"便携背景布","1、地拉式背景布：≥200cm*200cm；\n2、免安装打孔，高度可调节，提拉即可使用；\n双气压助力杆，高度随意调节；\n3、一体式铝合金外壳。","银资付2*6","套",2,960,1920]
[40,"实训室装修与布线","1、轻钢龙骨隔墙：工艺：先做空腔，固定龙骨，填充50mm的隔音棉，然后固定石膏板；材料：轻钢龙骨采用表面热镀锌的优质冷轧钢制作； A级不燃材料，环保健康，无毒无害。\n2、工艺：固定吸音板支架（可采用木龙架或轻钢龙骨）；支架内填充玻璃纤维吸音棉；依据墙面造型，依次安装木质吸音板。吸音棉，采用玻璃纤维材质；\n3、铝格栅吊顶：哑光黑色金属栅格，间距规格≤150×150mm；\n4、直播间墙面处理：吊打，墙面白乳胶漆处理，简约大方，所用材料环保；。\n5、静电地胶：自流平找平，铺设地胶，所选产品环保无刺激；\n6、窗户平开隔音板：吸音板制作门扇；门扇内填充玻璃纤维吸音棉；依据墙面造型，依次安装木质吸音板。优质孔木吸音板，具有木质最高的防火等级B1；吸音棉，采用玻璃纤维材质；\n7、直播室背景墙孔型吸音板：固定吸音板支架（可采用木龙架或轻钢龙骨）；支架内填充玻璃纤维吸音棉；依据墙面造型，依次安装木质吸音板。\n8、不锈钢踢脚线：成品；\n9、隔音门：钢制甲级防火隔音门，规格1000mm×2100mm；门框采用进口或国产优质冷轧钢板，电镀锌钢或不锈钢制造；门扇填充采用硅酸铝纤维棉。\n10、隔音板装饰：固定吸音板支架（可采用木龙架或轻钢龙骨）；支架内填充玻璃纤维吸音棉；依据墙面造型，依次安装木质吸音板。","群卓","套",1,157000,157000]
[41,"小计/总价",{"$nulls":5},542000]
["网络运营实训教室"]
["序号","设备名称","参数","品牌型号","数量","单位","单价","合计金额"]
[1,"86寸智慧黑板","一、硬件基础设计\n1、智能交互黑板为平面结构设计，采用三段式结构方式，整体平面尺寸≥4100mm×1100mm，正面书写区域支持水笔、普通粉笔、无尘粉笔等多种笔书写，手感流畅、摩擦力适度，笔记均匀、线条明显；\n2、V-0级阻燃金属材质外壳，设备机体厚度≤100mm,采用安全防撞及圆角转角设计，支持壁挂式安装和移动支架两种安装方式，为方便调校智慧黑板整体平整性，壁挂安装具有安装校正结构，保障达到最佳使用效果；\n3、显示尺寸≥86英寸，采用UHD超高清液晶显示A规屏，屏幕色彩覆盖率≥90% NTSC，屏幕分辨率≥3840×2160，可无损播放4K片源； \n4、屏体亮度≥500cd/㎡，屏体对比度≥5000:1，显示比例为16:9，最大可视角度≥178度，触摸响应时间≤6ms；\n5、整机前置物理按键实现电源及电脑开关、辅助电脑系统还原、节能息屏四键合一功能，息屏状态下节能效果≥95%，设备应符合GB 21520-2015 的能源效率等级1 级要求；\n6、屏幕表面采用≤3.5mm厚度的防眩钢化玻璃，透光率≥93%，表面硬度≥莫氏7级，高于石墨1-9H等级硬度，雾度≤8%；\n7、为方便教学及清理粉笔灰等堆积，整机采用具有粉尘清理结构设计的可拆卸式前置笔槽，可放置磁吸式书写笔、智能电子教鞭、粉笔、水性笔等；\n8、整机采用红外触摸感应方式，支持双系统Windows与Android下20点同时触控及书写，触摸分辨率≥32768×32768，触摸高度≤2mm，最小识别直径≤2mm，触摸书写延迟≤20ms，定位精度≤±0.1mm；\n9、屏幕采用全贴合方式，笔尖与液晶屏距离＜0.05mm，光影偏差＜0.05mm，钢化玻璃和液晶显示层无间隙密贴合，无水雾/水汽，减少显示面板与玻璃间的偏光、散射，画面显示更加清晰通透、视差更小；\n10、为满足教学应用需求，设备具备前置≥2×15W全音域音箱，可单独对高音、低音、平衡音进行调整；\n11、整机需采用插拔式电脑模块架构，接口严格遵循Intel®的OPS-C 相关规范，针脚数≤120Pin，屏体与插拔式电脑无单独接线；\n12、为提高便利性，设备只需一根网线连接，即可实现Windows和Android双系统同时上网；\n13、为解决系统故障，整机前置具备中文标识的针孔式电脑还原物理按键；\n14、整机Android 主板具备多核CPU，ROM 不小于8G，RAM不小于2G，版本不低于8.0；\n15、为便于教师教学操作，整机前拆式结构设计的按键面板具备带中文标识的前置物理快捷按键，数量≥5个，至少包含护眼、关闭窗口、多任务等按键，可实现色温调节、切换安卓界面、童锁、自定义按键设置等功能；\n16、为方便教学，设备自动识别新接入的信号源，并自动切换到该信号源显示，在断开连接后，弹出确认，十秒后返回之前信号源且设备可根据需求修改信号源名称，下次开机可记忆名称，开机后可默认返回上一次信号源，方便下次使用；\n17、为方便教学，整机具备单独听功能，在关闭显示部分的情况下可播放音频，轻触显示部分可点亮屏幕；\n18、整机具有具备ECO光感模块，可自动进入黑屏节能模式，并可自主选择时间间隔；\n19、整机采用便于售后维保的前拆式结构设计的前置接口面板，配有带中文丝印标识的前置接口，其中不少于1路Type-C 接口、2路双通道USB3.0接口（Windows 和Android系统均能被识别）、1路HDMI IN高清（非转接）；\n20、支持信号源自动唤醒开机，设备处于关机通电状态，外接电脑、机顶盒等设备通过HDMI/VGA连接至设备时，设备识别到外接设备的输入信号后自动开机；\n21、USB触控接口具备外部电脑连接时，支持以一根USB线直接读取插在整机上的U盘，并识别连接至整机的翻页笔、无线键鼠等USB设备；\n22、整机标配书写笔具备两种笔头直径，无需切换菜单，可自动识别粗细笔迹，方便教师板书及批注重点；\n23、整机后置无线MIC接口并具备独立扩声系统，在通电关机的情况下接入无线MIC，仍可将接入的多媒体信号混音后通过内置音箱播出实现扩声功能； \n24、在windows任意界面下均可开启录课功能，可实现不少于三种录制模式，包括屏幕录制、屏幕与摄像头、专业级录制直播，方便学校教师任意场景录制切换；\n25、屏体具有物理防蓝光功能，无需其他操作即可达到蓝光防护效果，通过扫描前置二维码即可获取产品防蓝光检测信息，在物理防蓝光状态下支持通过物理按键对现实色彩进行调节，使观感更加舒适；\n26、整机后置≥1路双通道USB2.0接口（展台、U盘等设备在Windows和Android下均可使用）、≥1路触控Type-B接口、≥1路USB Type-B 3.0接口、≥1路RJ45接口、≥1路HDMI in接口、≥1路Audio接口、≥1路YPbPr接口、≥1路AV接口、≥1路VGA接口，以上接口不接受扩展坞方式；\n27、内部通道切换速度＜1秒，外部通道切换＜4秒，切换后即达到可触摸状态，信号源切换后即可实现触摸；\n28、整机前面板具备标识的天线模块，包含 2.4G、5G 双频Wifi及蓝牙接发装置，Android与Windows均可无线上网；\n29、整机遵循标准HID免驱协议，Window7/8/10、Mac OS/linux/国产化系统下自动识别，无需额外安装驱动程序；\n30、在 Windows 系统下，整机可通过内置蓝牙模块与蓝牙音箱连接，通过蓝牙音箱播放整机音频，支持与有蓝牙功能的手机连接，内置蓝牙模块工作距离≥10m，方便老师上课使用；\n31、整机支持屏幕密码锁功能，可锁定屏幕、按键，可自定义解锁密码；\n32、为保证画面显示效果细腻，屏幕显示灰度等级应达到256灰阶以上且可实现一键切换分辨率，调整画面显示比例；\n33、为提高安全性，整机具备供电保护模块，在插拔式电脑未固定的情况下，不给插拔式电脑供电；\n34、整机内置无线网卡遵循IEEE802.11a\\b\\g\\n\\ac wave2协议标准；\n35、整机工作电压为AC 100V-240V，标准状态下功耗≤450W，待机状态下功耗≤1W；","鸿合：HB-C810A ","套",1,26000,26000]
[2,"教师讲台","多媒体中控讲台桌椅，表面烤漆面板，抗氧化，抗污能力强，坚固耐用，带有实木键盘，加固支撑稳固耐用。\n椅：尺寸43cm*50cm*73cm，高回弹加厚座面舒适耐用，磷化铁艺椅腿稳固支撑。靠背弧度贴合曲线。",null,"套",1,4800,4800]
[3,"运营管理主机","CPU型号i5 12400CPU频率 2.9GHz　内存容量32GB内存类型 DDR4 2933MHz 　1T机械硬盘　固态硬盘容量256GB 无内置光驱入门级独立显卡显存容量4GB 1000Mbps以太网卡 2×USB2.0，2×USB3.0，耳机输出接口，麦克风输入接口 1×VGA，1×HDMI 1×RJ45（网络接口） 1×电源接口，预装操作系统与办公软件　21寸显示器  7.4L机箱 键鼠 x1 鼠标垫 x1 电源线 x1 整机3年","清华同方","台",1,6200,6200]
[4,"学生桌椅","定制钢架结构电脑桌，桌面25mm厚三聚氰胺耐磨耐高温饰面板，面板下配走线槽隐藏走线，钢架卡扣连接，管壁厚度1.0，静电喷塑防锈处理，稳固耐用。规格：不低于600mm*1000mm。采用艺术拼接式布局具体根据学校要求样式定做。",null,"套",42,1200,50400]
[5,"运营实训终端","CPU型号i5 12400CPU频率 2.9GHz　内存容量16GB内存类型 DDR4 2933MHz 　1T机械硬盘　固态硬盘容量128GB 无内置光驱集成显卡　1000Mbps以太网卡 2×USB2.0，2×USB3.0，耳机输出接口，麦克风输入接口 1×VGA，1×HDMI 1×RJ45（网络接口） 1×电源接口， 预装操作系统与办公软件　21寸显示器  7.4L机箱 键鼠 x1 鼠标垫 x1 电源线 x1 整机3年","清华同方","台",42,5200,218400]
[6,"壁挂音箱"," 系统：2分频        频率响音：45HZ-18KHZ   驱动器:LF:8\"*1;HF:3”*2   输入阻抗：80hm  系统灵敏度：95dB  消耗功率：80W  最大声压:121dB  尺寸： 390*400*565mm   外箱尺寸:485*435*650mm  净重：7.5KG  毛重：15KG  ","均镁","台",2,1000,2000]
[7,"功放","\"输出功率： 2*150W/8Ω\n输出功率： 2*250W/4Ω\n桥接功率： 400W/8Ω                                          \n频率响应:  20Hz-20KHz，±0.5dB\n总谐波失真<0.5%，1KHz，8Ω\n信 噪 比： >105dB,\n阻尼系数:  ≥250\n输入阻抗：20KΩ10KΩ\n输入灵敏度：1.0V\n毛      重：15KG\n净      重：17KG\n机身尺寸：480*100*510MM(宽*高*深）\n包装尺寸：590*145*640MM(宽*高*深）\"","均镁","台",1,2200,2200]
[8,"无线话筒（手持*1、领夹*1）","\"UHF固定频点无线麦克风UE-320/H06\n它采用了高效低耗射频发射技术，超高灵敏度的场效应，采用了优于15ppm石英晶体锁定频应，UHF频段接收器采用PLL音码锁相环，开关冲击噪音声数码抑制电路缓变输出控制、平衡输出、混合输出电路设计等技术，并采用电脑EDA，模拟在线辅助设计，采用国际先进多种仪器设备检测、调试。严格的产品质量监控，使其稳定性及一致性达到顶峰、每套系统具有超卓的电性能。\n产品特点:\n  独特的水滴电源开关  , 炫丽直观的电平灯柱显示\n  步进式电位器，炫酷音量显示灯套   \n加强型静噪数码抑制电路，待机状态噪声输出为零。\n频率响应范围宽，超低失真度、低音雄厚、中音明亮、高音清晰。\n具有完美的开关杂音消除电路，避免在开启开关时产生巨大的冲击响声，确保后级功放系统及扬声器的安全。\n完美的工作状态指示及手持麦克风指示（指示灯比较暗时提示需要换电池）。\n实用距离远，理想环境达到150公尺以上。\n多频道设计，可同时使用两支持麦克风而互不干扰。\n多种输出电路设计，可同时接驳两台或者四台以上调音台或者扩音系统作用。\n均匀的心型指向性能够有效增强主声源，同时最大限度地抑制背景噪声。\n发射系统内装球型扩风噪声和爆破声的高效过滤钢。\n优质的拾声器的零部件，使本机音质极为出色。\n采用音频压频、扩展技术，噪声大大减少，动态范围加大。\n接收器采用高级放大及超高灵敏度的场效应，具有极高的灵敏度。\n适用于大中型舞台，卡拉OK厅，家庭娱乐等多种场合使用。","诺讯","套",1,2400,2400]
[9,"AI智能电源管理","物联网电源管理：支持\n远程电源开关：支持\nUSB接口：支持\n后面板配有后备按钮开关：有\n电压显示：带LED电压显示屏\n单路额定输出电流：13A\n每路开/关动作延时：1.2秒\n输出插座：10只高弹性磷铜万能插座\n工作继电器：10只原装30A高品质继电器\n电源电缆线：6平方全铜加粗加长1.5米，配10A国标落地三扁插头\n内部供电：方型变压器                                                                                                                        净重  3.7Kg，尺寸：26.5*48.2*5.5\"","亿鑫","台",1,5600,5600]
[10,"实训教学管理软件","1.全面支持Windows系列操作系统，包括Windows 8、Windows 10（32位、64位）操作系统。\n2.屏幕广播：教师直接调用各类多媒体教学资源，同步广播给学生，丰富课堂教学内容。高帧率兼容，支持无延时广播、支持Direct3D、DirectDraw、OpenGL、高清视频、游戏等高帧率的应用程序画面流畅无延时广播。\n3.学生演示：教师随时指定某个学生，将其答题或演示过程同步广播给其他学生，开展示范教学。\n4.随堂小考：不用在黑板书写，老师实时了解所有学生的解答结果，并立即生成统计结果。\n5.答题卡考试：直接调用任何格式的文档、图片作为考试内容，只需简单编辑答题卡即可进行小测验。\n共享白板：教师与全体或指定的学生共同完成一项学习任务，如：解题、绘画等，学生可以手写，也可书面答题后拍照提交。\n6.抢答竞赛：文字、图片、音频、视频等均可作为抢答问题的素材，学生通过点击即可完成举手和抢答过程， 真正调动课堂气氛。\n7.分组教学：教师快速将学生分成若干小组，并针对不同主题推送教学资料，小组成员之间可以通过文字、图片、语音等方式讨论并完成学习任务。\n8.多格式兼容，支持富媒体播放：支持MPEG/VCD/QuickTime/ DVD/AVI /Real / Windows Media等常见的音视频媒体文件，同步播放清晰无损耗。\n9.教师可启动屏幕广播教学,将教师机的屏幕广播给所有学生机,教师所做的每一步操作画面都实时显示到学生机，学生可在电脑上软件进行举手提问，教师机可以在电脑上直接回答问题，教师机可以时实监控显示每一台学生电脑桌面，方便指导教学。","极域50用户","套",1,16000,16000]
[11,"电商直播运营实训软件","1、系统采用B/S架构，支持最新的HTML5标准，兼容火狐、谷歌等主流浏览器。\n2、学生端可以进行注册认证，实训与考试，教学视频，音频，文件学习查看。\n3、教师端可以查看学生实训结果进行评分与评价，查看学生考试结果。\n4、管理端可对竞赛考试试题进行编辑，对学生账号，老师账号进行管理。\n5、支持200用户同时并发、一键审阅、用户中途退出成绩评定、前后台自定义、学生PC和手机端都可以参加实训。\n6、系统包含管理端、教师端、学生端三部分。\n7、系统包含实训管理功能，有学生管理、教师管理、任务管理、竞赛考试管理。\n8、用户管理可根据班级对学生进行管理维护，管理学生显示学生列表页面，显示增删查改等功能。\n9、教师可对学生实训进行评分，评语评价。\n10、查看实训任务显示实训目标、背景资料、实训要求、实训步骤图文并茂显示任务详情。\n一.直播平台运营维护\n1 直播平台选择：对比分析抖音、快手、西瓜、小红书、百家号、企鹅号的平台风格和用户特点，熟知各平台的优缺点。根据企业定位、产品特点、目标用户、 预算，选择合适的平台。\n2 日常内容审核：能根据政策规定、行业规则、市场规范等，建立敏感词库，并持续更新，识别内容中的敏感词或违规内容，保证内容的合规性和可靠性。检查用户留言、评价等，处理负面信息。\n3信息采集管理：淘宝直通车推广数据采集，百度营销搜索推广数据采集，京东快车推广数据采集，抖音巨量算数综合信息采集、分析用户数据，提炼用户标签，绘制用户画像。制定用户运营策略，促进用户活跃、留存和转化。\n二.内容运营\n1 内容策划：根据要求定位和规划方案，制定内容运营计划。根据内容运营目标和内容主题，策划内容，制定内容排期规划表，进行人员分工和任务分配。能根据行业特点，及时追踪舆情热点或巧用重大节日话题，在时间节点内高效完成事件策划。文案策划。 \n2 内容生产：根据平台的内容特点和形式，确定内容生产规范，制定内容生产流程。分析、归类和总结历史事件，持续积累素材，完善内容素材库。根据内容运营目标和平台特点，整合资源，输出文字、图片、互动海报、音频、 （短）视频、直播等内容。\n3 内容分发：根据内容运营目标、内容主题和形式、平台定位和分发机制，选择合适的分发平台，将内容一键分发到多个平台，通过绑定短视频APP账号，学生可以一次性将视频发布到多个短视频平台，包括但不限于抖音、快手、西瓜、头条、小红书、百家号、企鹅号等等，后台包含3大功能：视频发布统计、视频流量汇总、视频流量详情，用于学生数据挖掘，进行消费者行为分析。\n三.直播活动运营\n1 活动策划：根据直播任务要求目标和运营规划，制定活动运营计划。确定活动流程、活动创意、活动推广计划、物料、预算等，编写活动方案。 \n2 活动实施与推广：根据活动方案，通过企业官方渠道、付费渠道、自媒体平台、垂直社群等，进行活动宣传。利用编写直播活动方案，选择合适的时间与直播平台进行活动的传播，实现持续推广。 \n四.数据分析应用： \n1 内容运营复盘：根据内容运营目标和评估体系，提取关键指标数据。对内容数据进行分析，评价内容质量和传播效果。对内容运营结果与预期目标之间的偏差，分析原因，总结经验和不足，提出内容优化建议。 \n2 活动运营复盘：根据活动运营目标和评估体系，提取 关键指标数据。\n对活动数据分析，发现异常，找出原因，总结经验和不足，提出活动优化建议。 \n3 用户运营复盘：根据用户运营目标和评估体系，基于 用户的属性和行为，提取关键指标数据。对用户数据分析，挖掘用户需求，提炼用户管理的优化建议。 ","群卓 V1","套",1,138000,138000]
[12,"新媒体营销实训实战平台","1、系统采用B/S架构，支持最新的HTML5标准，兼容火狐、谷歌等主流浏览器。\n2、学生端可以进行注册认证，参加实训实战与考试，教学视频，音频，文件学习查看。\n3、教师端可以查看学生实训结果进行评分与评价，查看学生考试结果。允许多教师同时使用，分班管理。\n4、管理端可对竞赛考试试题进行编辑，考试时间可设置，总分数可设置。实训实战任务进行编辑发布，对教学视频进行编辑。对学生账号，老师账号进行管理。\n5、支持200用户同时并发、一键审阅、用户中途退出成绩评定、前后台自定义、学生PC和手机端都可以参加实训与学习培训。\n6、系统包含管理端、教师端、学生端三部分。支持学生、教师使用不同的身份登录软件，不同的身份具有不同的操作权限。\n7、系统后台包含功能，有用户管理、角色管理、试题管理、订制试卷、成绩管理、任务管理、学习管理、学生交流管理、个性化信息管理等。\n8、用户管理可根据班级对学生进行管理维护，管理学生显示学生列表页面，显示增删查改等功能。\n9、查看实训任务显示实训目标、背景资料、实训要求、实训步骤图文并茂显示任务详情。\n10、系统内置实训评分标准和参考样例，教师在进行实训评分时可以参考样例进行对比分析,对实训结果进行评分和点评指导；\n11、内置资源库模块，资源分为视频资源，音频资源，文件资源。浏览器中直接播放视频，音频。文件以PDF文件直接显示。\n12、后台管理点击视频培训，有实训教学视频，老师可以上传教学视频资源供学生学习。点击音频培训，有实训教学音频，老师可以上传教学音频资源。点击文件培训，有实训教学文件，老师可以上传教学文件资源。\n13、学习视频与音频显示文件名与播放时长，后台可以设置学习分值，学生学习后会有学习分。\n14、学生可上传文件有word,ppt格式，浏览器中以PDF文件直接显示。\n15、试卷管理：可以编辑在线考试试卷，有填空题，判断题，单选题，多选题，问答题，老师可以出题并编辑标准答案与每道题的分值，设置考试时间。学生考试时系统会自动判断学生答题正确或错误并自动打分。\n16、实训任务管理，老师可以自己编辑上传实训任务标题，实训要求，实训步骤图文。学生在前台点击实训任务，可以看到实训标题，实训要求与内容，学生完成实训提交后老师要以点评。\n17、统计，显示学生年度学习分统计，学习内容。\n实战系统功能参数\n1、搜索引擎优化SEO营销模块：通过企业建站让各搜索引擎收录，优化关键词排名进行产品营销，品牌营销等。让学生学习训练SEO技能。提供PC+手机二合一的营销型中文站，支持HTML静态化网页，搜索引擎优化完美适应PC、手机和平板；\n2、智能商机发布模块：智能商机发布模块支持智能识别行业发布，学生可以通过后台设定关键词，系统自动链接搜索引擎搜索库，通过产品曝光，给企业基础站点进行引流。\n①后台通过内容生成，利用优质资源站点以及SEO反向解析目录技术形式，学生通过实训可以帮助企业在百度、搜狗、360等主流搜索引擎获取海量长尾关键词的排名。访客通过落地页的内容点击能直达官网，形成官网引流。\n②依托B2B平台的企业店铺，学生能够快速发布用户产品信息和企业信息。\n3、短视频营销模块：新媒体营销模块是通过不同APP联动，在新媒体平台进行短视频营销。\n①通过绑定短视频APP账号，学生可以一次性将视频发布到多个短视频平台，包括但不限于抖音、快手、西瓜、头条、小红书、百家号、企鹅号等等，视频发布统计流量详情，用于学生数据挖掘，进行消费者行为分析。\n②通过实时监控关键词热搜话题，为智能生成短视频标题提供素材。\n4、软文营销模块：软文营销是通过特定的概念诉求、以摆事实讲道理的方式使消费者走进企业设定的”思维圈“，以强有力的针对性心理攻击迅速实现产品销售的文字模式。\n①通过案例的方式让学生了解什么是软文，学会软文写作的技巧，知道软文营销标题拟定的要点，以及各类型软文的实际应用。通过掌握网络软文的特点，学生能熟练的编辑各种类型的软文文案，再通过不同类型的媒体平台进行软文发布。\n②软文发布：发到软文到搜狐网、新浪号、百度号、腾迅号等网络平台。\n5、直播营销：对比分析抖音、快手、西瓜、小红书、百家号、企鹅号的平台风格和用户特点，熟知各平台的优缺点。根据企业定位、产品特点、目标用户、 预算，选择合适的直播平台。根据要求定位和规划方案，制定内容运营计划。根据内容运营目标和内容主题，策划内容，制定内容排期规划表，进行人员分工和任务分配。能根据行业特点，及时追踪舆情热点或巧用重大节日话题，在时间节点内高效完成事件策划与直播营销过程。\n6、付费推广营销模块：通过付费推广进行营销，包含有搜索引擎付费推广，直播付费推广，商城直通车付费推广，网络固定广告等。\n7、商务数据统计与分析模块：商务数据统计与分析通过数据收集与整理，利用BI可视化工具对业务进行动态分析，形成可视化界面的数据，辅助学生进行商业决策，围绕企业供应链数据智能决策需求，进行采购数据分析、生产数据分析、物流和库存数据分析等。并能基于客户数据进行客户画像、了解用户需求特征和行为组合，挖掘用户价值。","群卓 V1","套",1,168000,168000]
[13,"电子商务数据分析实训实战平台软件","具有大数据分析全过程数据处理工具，以及真实企业案例和实训管理、监控、评价教学管理平台。\n1.系统采用B/S架构，有PC端、H5版。\n2.后台用户管理：平台能够方便专业教师实现云端备课，发布教学任务，实时反馈教学知识点掌握情况，实现电子化考评，评价结果数据实时分析。\n3.提供基于淘宝和抖音直播数据平台的数据统计报表。提供商品大数据市场调研文本是根据商品相关数据指标、不同平台直播间实时趋势，采集多个指标数据形成的数据报表，以便于完成电子商务数据分析为电子商务运营提供数据支持。\n4.通过京东快车、星网大数据、淘宝直通车与百度营销观星盘行业流量洞察来进行宣传素材搜集、热点话题捕捉、直播内容规划与定位。\n一、数据采集下载\n1.淘宝直通车账号与密码可进行实训与淘宝直通车关键词分析数据采集下载。\n*2.提供京东商城账号与密码可进行实训，可在京东快车核心拓词搜索下载数据。\n*3.百度营销搜索推广账号与密码进行实训,功能：手机APP端，PC端登录，账户搜索推广，数据显示，可新建计划、新建单元、新建关键词、新建创意等。可在行业流量洞察数据下载。\n*4.360搜索推广账号与密码可进行实训,关键词搜索数据下载。\n*5.星网大数据账号与密码可进行实训,查询任意关键词最多1000条长尾词查询。\n6.抖音巨量算数数据查询。\n数据采集与处理：市场规模数据采集与处理方案制，竞争对手商品结构数据采集与处理方案制定，淘宝直通车推广数据采集与处理方案制定，京东快车推广数据采集与处理方案制定，店铺销售数据与运营数据采集与处理方案制定，多平台产品数据采集与处理方案制定（京东，百度，360，淘宝，抖音，拼多多），产品指数数据采集与处理方案制定\n二、数据分析\n1、数据分析管理按照任务分类展现学生任务得分，显示学生得分详情。\n2、教师可对学生进行数据分析评分，评语评价。\n3、查看实训任务显示实训目标、背景资料、实训要求、实训步骤图文并茂显示任务详情。\n4、学生根据设置的实训任务进行实训，实训可上传实训视频，实训图片，实训文字，实训表格等。\n5、实训任务模块支持样例图和视频管理，可上传样例图，可上传样例视频。\n6、后台管理点击视频培训，有实训系统视频资库，有实训教学视频，老师可以上传教学视频资源供学生学习。\n7、具有清晰的任务描述，每一个实训都有明确的实训目标、背景资料、实训要求、实训步骤、实训结果、实训评阅；教师在进行实训评阅时不但可以对实训结果进行评分，还可以对实训结果进行点评指导，给出参考样例进行对比分析；\n8、点击“结果提交”进入实训结果图片、视频、文字上传页面，点击“修改”可对提交的结果进行修改，修改内容包括页面显示上传的图片、视频、文字、文档。\n数据分析：市场数据目标行业发展分析，市场需求分析及预测，竞店数据分析，竞品数据分析，客户分类，描绘客户画像，客户行为分析，推广数据分析，流量结构分析，关键词推广效果分析，活动推广效果分析，内容运营效果分析，交易数据分析，采购数据分析，订单时效分析，仓储数据分析\n提供农产品行业抖音直播数据下载分析\n农产品行业各播主数据　如粉丝数量、月粉丝增量、月作品数、月点赞增量、总作品数、总点赞量。\n农产品行业各种商品数据　如日销量、日销量榜、日浏览量、月抖音销量、直播销量占比\n农产品行业各种品牌数据　如日销量榜、日销量、日销售额、短频数量、关联直播数量\n农产品行业各店铺数据　如推广商品数、日销量、日销售额、短频数量、关联直播数量\n农产品行业指数数据　如商品搜索指数、商品各地区搜索指数、商品各地区不同日期搜索指数、如商品内容关联词指数、如商品搜索关联词指数、相关度排名、相关度涨跌、人群画像。\n查看热词相关的内容消费人群的画像特征。内容消费人群是指对该热点相关内容有观看、互动等行为的用户。TGI指数，是反映目标群体在特定研究范围（如年龄段、性别、兴趣爱好）内的强势或弱势的指数。TGI越大，说明该特征在该垂直领域下越显著。","群卓 V1","套",1,188000,188000]
[14,"机柜","22U专用服务器机柜；采用优质冷扎钢板制作，整体框架结构设计；机柜深度1000 mm，立柱厚度不低于2.0 mm，其余部分钢板厚度不低于1.2 mm；静载500KG以上。",null,"台",1,3000,3000]
[15,"实训教学管理主机","处理器：4110R*2颗（8核心  2.1GHZ处理器）+单电及以上 内存：32GB以上 硬盘： 2*1TB  7. 2K  RPM  SATA扩展性：不少于4块 3.5英寸热插拔SAS, SATA, SSD硬盘；RAID卡：可配置RAID 0、1、5、6、10、50、60，支持热备盘技术，支持不低于1GB高速缓存；集成双端口Broadcom千兆网卡，带故障切换和负载均衡功能，支持TOE，iSCSI启动；PCIe插槽：2个PCIe 3.0；5 个USB（2个USB 3.0，3个USB 2.0）；1个DVD-RW驱动器","华为","台",2,28000,56000]
[16,"交换机","标准1U机架设备，可堆叠，48个10/100/1000Mbps Mbps端口，包转发：42Mpps，背板带宽：336Gbps，交换方式：存储-转发，支持VLAN、QOS、组播管理、网络管理及安全管理。","华为","套",1,6000,6000]
[17,"综合布线系统","布线规范：符合《中华人民共和国国家标准-综合布线系统工程设计规范》，布设线槽须强弱电分离，走线合理互不交叉；\n线材及配件：室内非屏蔽超五类（CAT5e）双绞线，铜导直径0.5mm，绝缘直径0.8mm，PVC护套厚度0.5mm，护套直径5mm，符合UL防火等级认证，符合ANSI/TIA-568B标准；同品牌非屏蔽超五类（CAT5e）水晶头；电源插排防雷电，符合国标；\n交换机级联、交换机连接至服务器都采用成品千兆跳线。",null,"套",1,19400,19400]
[18,"教室形象墙","1.实训室文化元素设计；2.实训室文化内容建设；3.根据学校实际情况进行效果图设计；4.根据场地实际情况进行改造施工；5.墙饰布置生动形象、富有美感：6.墙饰布置体现教育价值，具有审美价值；7.设计后效果更加真实，寓教于墙饰之中，让墙饰产生潜移默化的教育和熏陶作用，充分表现不同功能空间和使用对象的精神内涵，每一个细节有独特的设计理念，满足实训室实训情境，门、窗、地、顶、面环境需求，能够打造出一个富有个性而且优美及科技感的实训室,实训室挂图，门牌设计及实施，亚克力字、装饰挂画。",null,"套",1,14000,14000]
[19,"防静电地板","1、无边全钢抗静电地板，规格600mm×600mm×35mm；集中负载≥33KG，均衡负载≥12500（N/M2），防火性能要求达到国家A级。\n2、上下钢板冲压、点焊成型，四边采用先进的焊接补强结构，地板边角部分要求有共60个焊点，地板基体表面经磷化后进行静电喷涂处理，喷涂层材料为热固性环氧塑料粉末，表面达到柔光、防腐、耐磨效果，内腔内填充发泡水泥。3、全钢组成，机械强度高、承载能力强、耐冲击性能好。\n3、尺寸精度高、互换性好、组装灵活、维修方便、使用寿命长；地板科任意切割，安装附件方便；四边固定，安装方便。\n4、下部空间可作为空调通风用，也可配合通风板调节地产通风量。",null,"平方",120,280,33600]
[20,"装修","根据学校实际情况进行效果图设计；\n根据场地实际情况进行改造施工（由甲方确认签字后再实施）；\n原厂拆除、硬软装、设计、制作、安装、实训室 改造、实训室文化建设\n实训室场地改造升级：根据学校场地实际情况进 行功能区设计包含  需要达到教学使用效果。",null,"套",1,150000,150000]
[21,"空调","3匹柜机，能效等级一级及以上，变频，制冷量≥7210W，制热量≥9500W，制冷额定功率≤2090W，制热额定功率≤3120W，能效比（GB（略））≥4.3，室内噪音dB(A)高挡：≤43，室外噪音dB(A)高挡：≤56，电辅助加热≥1800W，循环风量≥1210m³/h，遥控式，每台标配铜管4米及以上（以实地情况为准）；包含电路及所需耗材。加长铜管",null,"台",1,7500,7500]
[22,"小计",{"$nulls":5},1117500]
["短视频剪辑与运营实训室"]
["序号","设备名称","参数","品牌型号","数量","单位","单价","合计金额"]
[1,"86寸智慧黑板","一、硬件基础设计\n1、智能交互黑板为平面结构设计，采用三段式结构方式，整体平面尺寸≥4100mm×1100mm，正面书写区域支持水笔、普通粉笔、无尘粉笔等多种笔书写，手感流畅、摩擦力适度，笔记均匀、线条明显；\n2、V-0级阻燃金属材质外壳，设备机体厚度≤100mm,采用安全防撞及圆角转角设计，支持壁挂式安装和移动支架两种安装方式，为方便调校智慧黑板整体平整性，壁挂安装具有安装校正结构，保障达到最佳使用效果；\n3、显示尺寸≥86英寸，采用UHD超高清液晶显示A规屏，屏幕色彩覆盖率≥90% NTSC，屏幕分辨率≥3840×2160，可无损播放4K片源； \n4、屏体亮度≥500cd/㎡，屏体对比度≥5000:1，显示比例为16:9，最大可视角度≥178度，触摸响应时间≤6ms；\n5、整机前置物理按键实现电源及电脑开关、辅助电脑系统还原、节能息屏四键合一功能，息屏状态下节能效果≥95%，设备应符合GB 21520-2015 的能源效率等级1 级要求；\n6、屏幕表面采用≤3.5mm厚度的防眩钢化玻璃，透光率≥93%，表面硬度≥莫氏7级，高于石墨1-9H等级硬度，雾度≤8%；\n7、为方便教学及清理粉笔灰等堆积，整机采用具有粉尘清理结构设计的可拆卸式前置笔槽，可放置磁吸式书写笔、智能电子教鞭、粉笔、水性笔等；\n8、整机采用红外触摸感应方式，支持双系统Windows与Android下20点同时触控及书写，触摸分辨率≥32768×32768，触摸高度≤2mm，最小识别直径≤2mm，触摸书写延迟≤20ms，定位精度≤±0.1mm；\n9、屏幕采用全贴合方式，笔尖与液晶屏距离＜0.05mm，光影偏差＜0.05mm，钢化玻璃和液晶显示层无间隙密贴合，无水雾/水汽，减少显示面板与玻璃间的偏光、散射，画面显示更加清晰通透、视差更小；\n10、为满足教学应用需求，设备具备前置≥2×15W全音域音箱，可单独对高音、低音、平衡音进行调整；\n11、整机需采用插拔式电脑模块架构，接口严格遵循Intel®的OPS-C 相关规范，针脚数≤120Pin，屏体与插拔式电脑无单独接线；\n12、为提高便利性，设备只需一根网线连接，即可实现Windows和Android双系统同时上网；\n13、为解决系统故障，整机前置具备中文标识的针孔式电脑还原物理按键；\n14、整机Android 主板具备多核CPU，ROM 不小于8G，RAM不小于2G，版本不低于8.0；\n15、为便于教师教学操作，整机前拆式结构设计的按键面板具备带中文标识的前置物理快捷按键，数量≥5个，至少包含护眼、关闭窗口、多任务等按键，可实现色温调节、切换安卓界面、童锁、自定义按键设置等功能；\n16、为方便教学，设备自动识别新接入的信号源，并自动切换到该信号源显示，在断开连接后，弹出确认，十秒后返回之前信号源且设备可根据需求修改信号源名称，下次开机可记忆名称，开机后可默认返回上一次信号源，方便下次使用；\n17、为方便教学，整机具备单独听功能，在关闭显示部分的情况下可播放音频，轻触显示部分可点亮屏幕；\n18、整机具有具备ECO光感模块，可自动进入黑屏节能模式，并可自主选择时间间隔；\n19、整机采用便于售后维保的前拆式结构设计的前置接口面板，配有带中文丝印标识的前置接口，其中不少于1路Type-C 接口、2路双通道USB3.0接口（Windows 和Android系统均能被识别）、1路HDMI IN高清（非转接）；\n20、支持信号源自动唤醒开机，设备处于关机通电状态，外接电脑、机顶盒等设备通过HDMI/VGA连接至设备时，设备识别到外接设备的输入信号后自动开机；\n21、USB触控接口具备外部电脑连接时，支持以一根USB线直接读取插在整机上的U盘，并识别连接至整机的翻页笔、无线键鼠等USB设备；\n22、整机标配书写笔具备两种笔头直径，无需切换菜单，可自动识别粗细笔迹，方便教师板书及批注重点；\n23、整机后置无线MIC接口并具备独立扩声系统，在通电关机的情况下接入无线MIC，仍可将接入的多媒体信号混音后通过内置音箱播出实现扩声功能； \n24、在windows任意界面下均可开启录课功能，可实现不少于三种录制模式，包括屏幕录制、屏幕与摄像头、专业级录制直播，方便学校教师任意场景录制切换；\n25、屏体具有物理防蓝光功能，无需其他操作即可达到蓝光防护效果，通过扫描前置二维码即可获取产品防蓝光检测信息，在物理防蓝光状态下支持通过物理按键对现实色彩进行调节，使观感更加舒适；\n26、整机后置≥1路双通道USB2.0接口（展台、U盘等设备在Windows和Android下均可使用）、≥1路触控Type-B接口、≥1路USB Type-B 3.0接口、≥1路RJ45接口、≥1路HDMI in接口、≥1路Audio接口、≥1路YPbPr接口、≥1路AV接口、≥1路VGA接口，以上接口不接受扩展坞方式；\n27、内部通道切换速度＜1秒，外部通道切换＜4秒，切换后即达到可触摸状态，信号源切换后即可实现触摸；\n28、整机前面板具备标识的天线模块，包含 2.4G、5G 双频Wifi及蓝牙接发装置，Android与Windows均可无线上网；\n29、整机遵循标准HID免驱协议，Window7/8/10、Mac OS/linux/国产化系统下自动识别，无需额外安装驱动程序；\n30、在 Windows 系统下，整机可通过内置蓝牙模块与蓝牙音箱连接，通过蓝牙音箱播放整机音频，支持与有蓝牙功能的手机连接，内置蓝牙模块工作距离≥10m，方便老师上课使用；\n31、整机支持屏幕密码锁功能，可锁定屏幕、按键，可自定义解锁密码；\n32、为保证画面显示效果细腻，屏幕显示灰度等级应达到256灰阶以上且可实现一键切换分辨率，调整画面显示比例；\n33、为提高安全性，整机具备供电保护模块，在插拔式电脑未固定的情况下，不给插拔式电脑供电；\n34、整机内置无线网卡遵循IEEE802.11a\\b\\g\\n\\ac wave2协议标准；\n35、整机工作电压为AC 100V-240V，标准状态下功耗≤450W，待机状态下功耗≤1W；","鸿合：HB-C810A ","套",1,26000,26000]
[2,"教师讲台","多媒体中控讲台桌椅，表面烤漆面板，抗氧化，抗污能力强，坚固耐用，带有实木键盘，加固支撑稳固耐用。\n椅：尺寸43cm*50cm*73cm，高回弹加厚座面舒适耐用，磷化铁艺椅腿稳固支撑。靠背弧度贴合曲线。",null,"套",1,4800,4800]
[3,"运营管理主机","CPU型号i5 12400CPU频率 2.9GHz　内存容量32GB内存类型 DDR4 2933MHz 　1T机械硬盘　固态硬盘容量256GB 无内置光驱入门级独立显卡显存容量4GB  1000Mbps以太网卡 2×USB2.0，2×USB3.0，耳机输出接口，麦克风输入接口 1×VGA，1×HDMI 1×RJ45（网络接口） 1×电源接口， 预装操作系统与办公软件　21寸显示器  7.4L机箱 键鼠 x1 鼠标垫 x1 电源线 x1 整机3年","清华同方","台",1,6200,6200]
[4,"学生桌椅","定制钢架结构电脑桌，桌面25mm厚三聚氰胺耐磨耐高温饰面板，面板下配走线槽隐藏走线，钢架卡扣连接，管壁厚度1.0，静电喷塑防锈处理，稳固耐用。规格：不低于600mm*1000mm。采用艺术拼接式布局具体根据学校要求样式定做。",null,"套",42,1200,50400]
[5,"运营实训终端","CPU型号i5 12400CPU频率 2.9GHz　内存容量16GB内存类型 DDR4 2933MHz 　1T机械硬盘　固态硬盘容量256GB 无内置光驱集成显卡　1000Mbps以太网卡 2×USB2.0，2×USB3.0，耳机输出接口，麦克风输入接口 1×VGA，1×HDMI 1×RJ45（网络接口） 1×电源接口，预装操作系统与办公软件　21寸显示器  7.4L机箱 键鼠 x1 鼠标垫 x1 电源线 x1 整机3年","清华同方","台",42,5200,218400]
[6,"音箱","电脑音箱，2.1声道，有源：220V/50Hz，","山水","对",1,600,600]
[7,"监听耳麦","有线头戴式，兼容手机PC,20Hz-20KHz, 标称阻抗24Ω，灵敏度101DB，3.5mm插头，线长1.5米。","漫步者","副",43,300,12900]
[8,"壁挂音箱"," 系统：2分频        频率响音：45HZ-18KHZ   驱动器:LF:8\"*1;HF:3”*2   输入阻抗：80hm  系统灵敏度：95dB  消耗功率：80W  最大声压:121dB  尺寸： 390*400*565mm   外箱尺寸:485*435*650mm  净重：7.5KG  毛重：15KG  ","均镁","台",2,1000,2000]
[9,"功放","\"输出功率： 2*150W/8Ω\n输出功率： 2*250W/4Ω\n桥接功率： 400W/8Ω                                          \n频率响应:  20Hz-20KHz，±0.5dB\n总谐波失真<0.5%，1KHz，8Ω\n信 噪 比： >105dB,\n阻尼系数:  ≥250\n输入阻抗：20KΩ10KΩ\n输入灵敏度：1.0V\n毛      重：15KG\n净      重：17KG\n机身尺寸：480*100*510MM(宽*高*深）\n包装尺寸：590*145*640MM(宽*高*深）\"","均镁","台",1,2200,2200]
[10,"无线话筒（手持*1、领夹*1）","\"UHF固定频点无线麦克风UE-320/H06\n它采用了高效低耗射频发射技术，超高灵敏度的场效应，采用了优于15ppm石英晶体锁定频应，UHF频段接收器采用PLL音码锁相环，开关冲击噪音声数码抑制电路缓变输出控制、平衡输出、混合输出电路设计等技术，并采用电脑EDA，模拟在线辅助设计，采用国际先进多种仪器设备检测、调试。严格的产品质量监控，使其稳定性及一致性达到顶峰、每套系统具有超卓的电性能。\n产品特点:\n  独特的水滴电源开关  , 炫丽直观的电平灯柱显示\n  步进式电位器，炫酷音量显示灯套   \n加强型静噪数码抑制电路，待机状态噪声输出为零。\n频率响应范围宽，超低失真度、低音雄厚、中音明亮、高音清晰。\n具有完美的开关杂音消除电路，避免在开启开关时产生巨大的冲击响声，确保后级功放系统及扬声器的安全。\n完美的工作状态指示及手持麦克风指示（指示灯比较暗时提示需要换电池）。\n实用距离远，理想环境达到150公尺以上。\n多频道设计，可同时使用两支持麦克风而互不干扰。\n多种输出电路设计，可同时接驳两台或者四台以上调音台或者扩音系统作用。\n均匀的心型指向性能够有效增强主声源，同时最大限度地抑制背景噪声。\n发射系统内装球型扩风噪声和爆破声的高效过滤钢。\n优质的拾声器的零部件，使本机音质极为出色。\n采用音频压频、扩展技术，噪声大大减少，动态范围加大。\n接收器采用高级放大及超高灵敏度的场效应，具有极高的灵敏度。\n适用于大中型舞台，卡拉OK厅，家庭娱乐等多种场合使用。","诺讯","套",1,2400,2400]
[11,"AI智能电源管理","物联网电源管理：支持\n远程电源开关：支持\nUSB接口：支持\n后面板配有后备按钮开关：有\n电压显示：带LED电压显示屏\n单路额定输出电流：13A\n每路开/关动作延时：1.2秒\n输出插座：10只高弹性磷铜万能插座\n工作继电器：10只原装30A高品质继电器\n电源电缆线：6平方全铜加粗加长1.5米，配10A国标落地三扁插头\n内部供电：方型变压器                                                                                                                        净重  3.7Kg，尺寸：26.5*48.2*5.5\"","亿鑫","台",1,5600,5600]
[12,"实训教学管理软件","1.全面支持Windows系列操作系统，包括Windows 8、Windows 10（32位、64位）操作系统。\n2.屏幕广播：教师直接调用各类多媒体教学资源，同步广播给学生，丰富课堂教学内容。高帧率兼容，支持无延时广播、支持Direct3D、DirectDraw、OpenGL、高清视频、游戏等高帧率的应用程序画面流畅无延时广播。\n3.学生演示：教师随时指定某个学生，将其答题或演示过程同步广播给其他学生，开展示范教学。\n4.随堂小考：不用在黑板书写，老师实时了解所有学生的解答结果，并立即生成统计结果。\n5.答题卡考试：直接调用任何格式的文档、图片作为考试内容，只需简单编辑答题卡即可进行小测验。\n共享白板：教师与全体或指定的学生共同完成一项学习任务，如：解题、绘画等，学生可以手写，也可书面答题后拍照提交。\n6.抢答竞赛：文字、图片、音频、视频等均可作为抢答问题的素材，学生通过点击即可完成举手和抢答过程， 真正调动课堂气氛。\n7.分组教学：教师快速将学生分成若干小组，并针对不同主题推送教学资料，小组成员之间可以通过文字、图片、语音等方式讨论并完成学习任务。\n8.多格式兼容，支持富媒体播放：支持MPEG/VCD/QuickTime/ DVD/AVI /Real / Windows Media等常见的音视频媒体文件，同步播放清晰无损耗。\n9.教师可启动屏幕广播教学,将教师机的屏幕广播给所有学生机,教师所做的每一步操作画面都实时显示到学生机，学生可在电脑上软件进行举手提问，教师机可以在电脑上直接回答问题，教师机可以时实监控显示每一台学生电脑桌面，方便指导教学。","极域50用户","套",1,16000,16000]
[13,"商品拍摄与图片处理实训软件","商品拍摄与图片处理实训系统主要是针对电子商务中网络商品的属性和展示处理开发而成，最终提炼出商品图片拍摄、商品图片美化和商品详情页制作三大类核心技能任务，并通过教师、学生、管理员三种角色来构成整个系统的闭环和动态平衡。 \n内容要求\n1、系统采用B/S架构，支持最新的HTML5标准，兼容火狐、谷歌等主流浏览器。\n2、学生端可以进行注册认证，实训与考试，教学视频学习查看。\n3、教师端可以查看学生实训结果进行评分与评价，查看学生考试结果进行评分与评价。\n*4、管理端可对竞赛考试试题进行编辑，实训视频、图片进行编辑，教学视频进行编辑。对学生账号，老师账号进行管理。\n5、支持200用户同时并发、一键审阅、用户中途退出成绩评定、前后台自定义、学生PC和手机端都可以参加实训。\n6、系统包含管理端、教师端、学生端三部分，至少包含日用百货、服饰、饮食、数码、美妆五个大类实训任务。\n7、系统包含实训管理功能，显示学生管理、教师管理、商品拍摄与图片处理任务管理、商品拍摄与图片处理竞赛考试得分管理。\n8、学生管理可根据班级对学生进行管理维护，管理学生显示学生列表页面，显示增删查改等功能。\n9、教师管理支持教师账号的增删查改。\n10、商品拍摄与图片处理得分管理按照任务分类展现学生任务得分，显示学生得分详情。\n11、教师可对学生进行商品拍摄与图片处理评分，评语评价。\n12、查看实训任务显示实训目标、背景资料、实训要求、实训步骤图文并茂显示任务详情。","群卓 V1","套",1,118000,118000]
[14,"短视频剪辑实训软件","系统为B/S架构，编写语言为.NET + JavaScript +MS SQL，支持最新的HTML5标准，兼容火狐、谷歌等主流浏览器。支持200用户同时并发、一键审阅、用户中途退出成绩评定、前后台自定义、学生PC和手机端都可以参加学习培训与考试。系统包含管理端、教师端、学生端三部分。支持学生、教师使用不同的身份登录软件，不同的身份具有不同的操作权限。系统后台包含功能，有用户管理、角色管理、试题维护、订制试卷、成绩管理、实训任务管理、学习管理、学生交流管理、个性化配置、个性化信息管理等。\n管理端功能：\n在进入管理端后主页面提示系统使用说明\n左侧管理菜单\n试题维护有单选题维护、多选题维护、判断题维护、填空题维护、问答题\n订制试卷有考试科目、试卷制定、试卷管理\n成绩管理有考生成绩\n用户信息管理有添加用户、用户管理\n角色信息管理有角色管理、权限管理\n学习培训有音频分类、音频管理、视频分类、视频管理、文件分类、文件管理\n任务管理有任务分类、任务管理\n学生交流有学生留言、作品分类\n个性化配置有系统配置、系统公告、系统初始化\n个人信息管理有修改当前用户密码、用户使用说明、系统使用说明 \n教师端功能：\n老师可以上传教学视频资源供学生学习，可以设置学习分值。老师可对试卷进行管理：可以编辑在线考试试卷，老师可以出题并编辑标准答案与每道题的分值，设置考试时间。老师可以对学生完成的实训任务进行打分，评价。\n角色信息管理、用户信息管理、试卷制定维护、用户试卷管理、试题类别管理、实训任务管理、系统个性化配置\n学生端功能：\n学生端可以进行注册认证，参加考试，学习教学视频，音频，文件学习查看。学生完成实训任务，老师可以在后台对学生完成的实训任务进行打分，评价。学生在个人页面可以看到自己实训后的评分与评价，完成实训后可以看到参考答案。\n首页注册，登录\n培训教育 音频学习 视频培训 文件学习\n考试管理 考试任务 \n学习统计 我的学习 我的留言\n我的作品 我的作品 作品列表\n任务管理有我的任务管理\n视频剪辑类实训任务提供具体的实训要求和剪辑要点，视频制作中给出具体的制作内容和制作方法。\n实训内容有视频剪辑基本操作技巧的训练：素材收集与导入、 Premiere Pro CS4的基本操作、视频编辑、制作字幕、应用转场、添加特技效果、视频抠像特技效果应用、音频编辑与特技效果、外挂滤镜特技效果应用、字幕的创建、为字幕添加艺术效果、运用视频过渡、视频过渡特技效果插件、关键帧制作特技效果的应用、制作模型效果、制作眼中的画面、制作多重分身效果、制作画面过渡、加入背景音乐、制作节奏音乐、导出成品短片\n实训任务包含：短视频技术与应用实训系统，运用组合编辑的方式把指定镜头剪辑到成品带上、运用插入编辑模式替换成品带上指定部分的视频或音频、制作电子相册、制作旅游宣传片、制作“栏目剧片段”等","群卓 V1.0","套",1,118000,118000]
[15,"短视频运营实训软件","短视频营销是内容营销的一种，短视频营销主要借助短视频，通过选择目标受众人群，并向他们传播有价值的内容，这样吸引用户了解企业品牌产品和服务，形成交易。做短视频营销，重要的就是找到目标受众人群和创造有价值的内容，短视频运营营销实训模块是通过短视频运营实训管理系统与不同APP联动，通过绑定短视频APP账号，学生可以一次性将视频发布到多个短视频平台，包括但不限于抖音、快手、西瓜、头条、小红书、百家号、企鹅号等等。\n在新媒体平台进行短视频运营实训软件营销。系统为B/S架构，编写语言为.NET + JavaScript +MS SQL，支持最新的HTML5标准，兼容火狐、谷歌等主流浏览器。支持200用户同时并发、一键审阅、用户中途退出成绩评定、前后台自定义、学生PC和手机端都可以参加学习培训与考试。系统包含管理端、教师端、学生端三部分。支持学生、教师使用不同的身份登录软件，不同的身份具有不同的操作权限。\n管理端功能：\n试题维护、订制试卷、成绩管理、用户信息管理、角色信息管理、学习培训、任务管理、个性化配置有系统配置、个人信息管理\n教师端功能：\n老师可以上传教学视频资源供学生学习，可以设置学习分值。老师可对试卷进行管理：可以编辑在线考试试卷，老师可以出题并编辑标准答案与每道题的分值，设置考试时间。老师可以对学生完成的实训任务进行打分，评价。\n学生端功能：\n学生端可以进行注册认证，登录后会有年度学习统计，我的学习详情包括学习详细数据统计、课程名称、学习时长（分钟）、类型和积分，学习教学视频，音频，文件。学习视频与音频显示文件名与播放时长，学员学习后会有学习分。学生还可以参加考试，考试完成后会自动打分。学生可以完成实训任务，老师可以在后台对学生完成的实训任务进行打分，评价。学生在个人页面可以看到自己实训后的评分与评价，完成实训后可以看到参考答案。在实训任务中利用百度营销，京东快车、淘宝直通车等平台进行数据采集与分析，通过实时监控关键词热搜话题，为智能生成短视频标题提供素材。\n项目1 短视频平台认识与选择 \n项目2 短视频用户洞察\n项目3 短视频内容规划\n项目4 短视频制作\n项目5 短视频运营数据分析\n项目6 短视频引流与变现\n项目7 短视频账号培育实践","群卓 V1.0","套",1,138000,138000]
[16,"实训教学资源管理系统","1、学生端可以进行注册认证，参加学习与考试，教学视频，音频，文件学习查看。\n2、教师端可以查看学生学习过的内容与学习分，查看学生考试结果。允许多教师同时使用，分班管理。\n3、管理端可对考试试题进行编辑，考试时间可设置，总分数可设置。管理端可对学生账号，老师账号进行管理。\n4、系统为B/S架构，支持最新的HTML5标准，兼容火狐、谷歌等主流浏览器。\n5、系统包含管理端、教师端、学生端三部分。支持学生、教师使用不同的身份登录软件，不同的身份具有不同的操作权限。\n6、系统后台包含功能，有用户管理、角色管理、试题管理、订制试卷、成绩管理、学习管理、学生交流管理、个性化信息管理等。\n7、内置资源库模块，教学资源库门类齐全，形式多样包含多媒体、视频、动画、试题试卷、教学课件、音响图书、文献资料等。\n8、学习视频与音频显示文件名与播放时长，后台可以设置学习分值，学生学习后会有学习分。\n9、以学生为中心开发数字资源，注重用户体验。学生也可上传MP4,word,ppt格式文件。\n10、试卷管理：可以编辑在线考试试卷，有填空题，判断题，单选题，多选题，问答题，老师可以出题并编辑标准答案与每道题的分值，设置考试时间。学生考试时系统会自动判断学生答题正确或错误并自动打分。\n11、教学资源内容数字化管理，方便资源随时更新上传，编辑，维护。","群卓","套",1,98000,98000]
[17,"实训教学管理主机","处理器：4110R*2颗（8核心  2.1GHZ处理器）+单电及以上 内存：32GB以上 硬盘： 2*1TB  7. 2K  RPM  SATA扩展性：不少于4块 3.5英寸热插拔SAS, SATA, SSD硬盘；RAID卡：可配置RAID 0、1、5、6、10、50、60，支持热备盘技术，支持不低于1GB高速缓存；集成双端口Broadcom千兆网卡，带故障切换和负载均衡功能，支持TOE，iSCSI启动；PCIe插槽：2个PCIe 3.0；5 个USB（2个USB 3.0，3个USB 2.0）；1个DVD-RW驱动器","华为","台",1,28000,28000]
[18,"资源管理主机","处理器：4110R*2颗（8核心  2.1GHZ处理器）+单电及以上 内存：2*32G  DDR4内存以上 硬盘：2*256G+2*8TB  7. 2K  RPM  SATA扩展性：不少于4块 3.5英寸热插拔SAS, SATA, SSD硬盘；RAID卡：可配置RAID 0、1、5、6、10、50、60，支持热备盘技术，支持不低于1GB高速缓存；集成双端口Broadcom千兆网卡，带故障切换和负载均衡功能，支持TOE，iSCSI启动；PCIe插槽：2个PCIe 3.0；5 个USB（2个USB 3.0，3个USB 2.0）；1个DVD-RW驱动器","华为","台",1,32500,32500]
[19,"机柜","22U专用服务器机柜；采用优质冷扎钢板制作，整体框架结构设计；机柜深度1000 mm，立柱厚度不低于2.0 mm，其余部分钢板厚度不低于1.2 mm；静载500KG以上。",null,"台",1,3000,3000]
[20,"交换机","标准1U机架设备，可堆叠，48个10/100/1000Mbps Mbps端口，包转发：42Mpps，背板带宽：336Gbps，交换方式：存储-转发，支持VLAN、QOS、组播管理、网络管理及安全管理。","华为","套",1,6000,6000]
[21,"综合布线系统","布线规范：符合《中华人民共和国国家标准-综合布线系统工程设计规范》，布设线槽须强弱电分离，走线合理互不交叉；\n线材及配件：室内非屏蔽超五类（CAT5e）双绞线，铜导直径0.5mm，绝缘直径0.8mm，PVC护套厚度0.5mm，护套直径5mm，符合UL防火等级认证，符合ANSI/TIA-568B标准；同品牌非屏蔽超五类（CAT5e）水晶头；电源插排防雷电，符合国标；\n交换机级联、交换机连接至服务器都采用成品千兆跳线。",null,"套",1,19400,19400]
[22,"教室形象墙","1.实训室文化元素设计；2.实训室文化内容建设；3.根据学校实际情况进行效果图设计；4.根据场地实际情况进行改造施工；5.墙饰布置生动形象、富有美感：6.墙饰布置体现教育价值，具有审美价值；7.设计后效果更加真实，寓教于墙饰之中，让墙饰产生潜移默化的教育和熏陶作用，充分表现不同功能空间和使用对象的精神内涵，每一个细节有独特的设计理念，满足实训室实训情境，门、窗、地、顶、面环境需求，能够打造出一个富有个性而且优美及科技感的实训室,实训室挂图，门牌设计及实施，亚克力字、装饰挂画。",null,"套",1,14000,14000]
[23,"防静电地板","1、无边全钢抗静电地板，规格600mm×600mm×35mm；集中负载≥33KG，均衡负载≥12500（N/M2），防火性能要求达到国家A级。\n2、上下钢板冲压、点焊成型，四边采用先进的焊接补强结构，地板边角部分要求有共60个焊点，地板基体表面经磷化后进行静电喷涂处理，喷涂层材料为热固性环氧塑料粉末，表面达到柔光、防腐、耐磨效果，内腔内填充发泡水泥。3、全钢组成，机械强度高、承载能力强、耐冲击性能好。\n3、尺寸精度高、互换性好、组装灵活、维修方便、使用寿命长；地板科任意切割，安装附件方便；四边固定，安装方便。\n4、下部空间可作为空调通风用，也可配合通风板调节地产通风量。",null,"平方",120,280,33600]
[24,"装修","根据学校实际情况进行效果图设计；\n根据场地实际情况进行改造施工（由甲方确认签字后再实施）；\n原厂拆除、硬软装、设计、制作、安装、实训室 改造、实训室文化建设\n实训室场地改造升级：根据学校场地实际情况进 行功能区设计包含  需要达到教学使用效果。",null,"套",1,150000,150000]
[25,"空调","3匹柜机，能效等级一级及以上，变频，制冷量≥7210W，制热量≥9500W，制冷额定功率≤2090W，制热额定功率≤3120W，能效比（GB（略））≥4.3，室内噪音dB(A)高挡：≤43，室外噪音dB(A)高挡：≤56，电辅助加热≥1800W，循环风量≥1210m³/h，遥控式，每台标配铜管4米及以上（以实地情况为准）；包含电路及所需耗材。加长铜管",null,"台",1,7500,7500]
[26,"小计/总价",{"$nulls":5},1113500]
[27,"合计",{"$nulls":5},3552000]

{"sheet":"Sheet2","index":1,"n_rows":0,"n_cols":0,"rows_kept":0,"flags":["formulas_cached_only"]}

{"sheet":"Sheet3","index":2,"n_rows":0,"n_cols":0,"rows_kept":0,"flags":["formulas_cached_only"]}